HBOS 2004 economic forecast (Record no. 73966)

MARC details
000 -LEADER
fixed length control field 01192cam a2200241 4500
001 - CONTROL NUMBER
control field WB4001-23
008 - FIXED-LENGTH DATA ELEMENTS--GENERAL INFORMATION
fixed length control field 031218n2003 000 0 eng u
035 ## - SYSTEM CONTROL NUMBER
System control number (Sirsi) u124641
245 ## - TITLE STATEMENT
Title HBOS 2004 economic forecast
260 ## - PUBLICATION, DISTRIBUTION, ETC.
Date of publication, distribution, etc. 2003
490 ## - SERIES STATEMENT
Series statement HBOS Press Release
Volume/sequential designation 16 December 2003 (5)
520 ## - SUMMARY, ETC.
Summary, etc. HBOS plc has issued its economic forecast on the prospects for the UK housing , mortgages and savings markets in 2004. It predicts an 8% annual rate of house price inflation in 2004 and 2004 will again be the 'year of the north' for rising house prices. The mortgage lending growth rate is likely to ease in 2004. UK households will be getting wealthier with the saving ratio continuing to recover from the historic low of 2000. Includes a brief review of the housing market in 2003. http://www.hbosplc.com/media/pressreleases/articles/hbos/2003-12-16-00.asp
590 ## - LOCAL NOTE (RLIN)
Local note WB
600 ## - SUBJECT ADDED ENTRY--PERSONAL NAME
Personal name SAVING RATIO
650 ## - SUBJECT ADDED ENTRY--TOPICAL TERM
Topical term or geographic name entry element ECONOMIC FORECASTS
650 ## - SUBJECT ADDED ENTRY--TOPICAL TERM
Topical term or geographic name entry element HOUSE PRICE INFLATION
650 ## - SUBJECT ADDED ENTRY--TOPICAL TERM
Topical term or geographic name entry element HOUSE PRICES
650 ## - SUBJECT ADDED ENTRY--TOPICAL TERM
Topical term or geographic name entry element SAVINGS
650 ## - SUBJECT ADDED ENTRY--TOPICAL TERM
Topical term or geographic name entry element FIRST-TIME BUYERS
650 ## - SUBJECT ADDED ENTRY--TOPICAL TERM
Topical term or geographic name entry element MORTGAGE LENDING
690 ## - LOCAL SUBJECT ADDED ENTRY--TOPICAL TERM (OCLC, RLIN)
Topical term or geographic name as entry element PROPERTY-RESIDENTIAL PROPERTY-RESIDENTIAL PROPERTY MARKET
942 ## - ADDED ENTRY ELEMENTS (KOHA)
Suppress in OPAC 0
Holdings
Withdrawn status Lost status Source of classification or shelving scheme Damaged status Not for loan Home library Current library Shelving location Date acquired Total Checkouts Full call number Barcode Date last seen Copy number Price effective from Koha item type
    Dewey Decimal Classification     London London News article 18/12/2003   WB4001-23 124641-1001 06/08/2019 1 06/08/2019 News article